书目信息 |
| 题名: |
学前儿童社会教育
|
|
| 作者: | 付立芳 主编 | |
| 分册: | ||
| 出版信息: | 杭州 浙江工商大学出版社 2020.5 |
|
| 页数: | 181页 | |
| 开本: | 26cm | |
| 丛书名: | 全国学前教育专业 (新课程标准) 精品教材 | |
| 单 册: | ||
| 中图分类: | G611 | |
| 科图分类: | ||
| 主题词: | 学前儿童--社会教育 | |
| 电子资源: | ||
| ISBN: | 978-7-5178-1647-8 | |
| 000 | 01152nam 2200289 45 | |
| 001 | 012001001176 | |
| 005 | 20140820151420.0 | |
| 010 | @a978-7-5178-1647-8@dCNY36.00 | |
| 099 | @aCAL 012016129056 | |
| 100 | @a20160908d2016 em y0chiy0110 ea | |
| 101 | 0 | @achi |
| 102 | @aCN@b330000 | |
| 105 | @ay a 000yy | |
| 106 | @ar | |
| 200 | 1 | @a学前儿童社会教育@Axue qian er tong she hui jiao yu@f主编付立芳 |
| 210 | @a杭州@c浙江工商大学出版社@d2020.5 | |
| 215 | @a181页@d26cm | |
| 225 | 2 | @a全国学前教育专业 (新课程标准) 精品教材@Aquan guo xue qian jiao yu zhuan ye ( xin ke cheng biao zhun ) jing pin jiao cai |
| 320 | @a有书目 (第180-181页) | |
| 330 | @a本书共分为7章,分别是学前儿童社会教育概述,学前儿童社会性发展,学前儿童社会教育的目标和内容,学前儿童社会教育的原则、途径和方法,学前儿童社会教育活动设计、学前儿童社会教育评价、学前儿童问题行为及指导。 | |
| 410 | 0 | @12001 @a全国学前教育专业 (新课程标准) 精品教材 |
| 461 | 0 | @12001 @a全国学前教育专业 (新课程标准) 精品教材 |
| 606 | 0 | @a学前儿童@x社会教育 |
| 690 | @aG611@v5 | |
| 701 | 0 | @a付立芳@Afu li fang@4主编 |
| 801 | @aCN@bAHXH@c20210922 | |
| 905 | @b1251195-9@dG611@e1917@f5 | |
| 学前儿童社会教育/主编付立芳.-杭州:浙江工商大学出版社,2020.5 |
| 181页;26cm.-(全国学前教育专业 (新课程标准) 精品教材) |
| ISBN 978-7-5178-1647-8:CNY36.00 |
| 本书共分为7章,分别是学前儿童社会教育概述,学前儿童社会性发展,学前儿童社会教育的目标和内容,学前儿童社会教育的原则、途径和方法,学前儿童社会教育活动设计、学前儿童社会教育评价、学前儿童问题行为及指导。 |
| ● |
| 相关链接 |
|
|
|
|
正题名:学前儿童社会教育
索取号:G611/1917
 
预约/预借
| 序号 | 登录号 | 条形码 | 馆藏地/架位号 | 状态 | 备注 |
| 1 | 1251195 | 212511959 | 第一样本阅览室/ [索取号:G611/1917] | 在馆 | |
| 2 | 1251196 | 212511968 | 教育系资料室/ [索取号:G611/1917] | 在馆 | |
| 3 | 1251197 | 212511977 | 教育系资料室/ [索取号:G611/1917] | 在馆 | |
| 4 | 1251198 | 212511986 | 第四借阅区/ [索取号:G611/1917] | 在馆 | |
| 5 | 1251199 | 212511995 | 第四借阅区/ [索取号:G611/1917] | 在馆 |